| 000 | 00419 a2200109 4500 | ||
|---|---|---|---|
| 001 | ART_23044 | ||
| 005 | 20260410161928.0 | ||
| 008 | 260409a | ||
| 245 | 1 | 0 | _aDeterminación de los momentos de la estadistica cuasi-chicuadrado |
| 100 | 1 | _aMercado de Liserre, Mabel | |
| 773 | 0 |
_tRevista de la Facultad de Ciencias Económicas de la Universidad de Cuyo _g- Año XI, Nº 33 (sep./dic. 1959) _wREV22981 |
|
| 999 |
_c28358 _d28358 |
||